[Event "Hvar op U17"]
[Site "Hvar"]
[Date "2018.10.06"]
[Round "2"]
[White "Senjak, Marko"]
[Black "Simunic, Krunoslav"]
[Result "1-0"]
[WhiteElo "1986"]
[BlackElo "1980"]
[PlyCount "81"]
[EventDate "2018.10.05"]
[EventType "tourn"]
[EventRounds "6"]
[EventCountry "CRO"]
[SourceTitle "CBM 187 Extra"]
[Source "ChessBase"]
[SourceDate "2018.11.04"]
[SourceVersion "1"]
[SourceVersionDate "2018.11.04"]
[SourceQuality "1"]

1. d4 e6 2. c4 d5 3. a3 Nf6 4. Nc3 Be7 5. Nf3 0-0 6. Bf4 b6 7. e3 Bb7 8. h3 c5 9. cxd5 exd5 10. Be2 Nc6 11. 0-0 Rc8 12. Rc1 cxd4 13. exd4 Ne4 14. Re1 Na5 15. Nxe4 Rxc1 16. Nf6+ Bxf6 17. Qxc1 Qd7 18. Bd3 Rc8 19. Qb1 g6 20. Be5 Qd8 21. Bf4 Nc6 22. Be3 Qf8 23. Bb5 a6 24. Bxc6 Bxc6 25. Rc1 Bd7 26. Rxc8 Qxc8 27. Qc1 Qxc1+ 28. Bxc1 Bb5 29. Be3 Kf8 30. Ne5 Ke7 31. f4 Bg7 32. Kf2 f6 33. Nf3 Ke6 34. g4 Bf8 35. Nd2 Bd3 36. Nb3 a5 37. Nc1 Be4 38. Bd2 a4 39. Na2 Bd3 40. Nb4 h5 41. Nxd3 1-0